=LDR 00000nam 2200000 4500 =001 INLIS000000000025497 =005 20130612124012 =008 ***********************************Ind** =035 ##$$0010-061300000025497 =041 ##$$a Ind =082 ##$$a 350 =090 ##$$a 350, Hus b =100 ##$$a Husain, Abdul Rajak =245 ##$$a Buku pintar tata pemerintahan RI, Abdul Rajak Husain =260 ##$$a 1997 $b Jakarta =300 ##$$a 168 hlm, ilus, 21 cm =650 ##$$a pemerintahan =850 ##$$a NBPNMAT